"India" in the Answer - Statistics

General Stats
  • This quiz has been taken 43 times
  • The average score is 11 of 20
Answer Stats
Hint Answer % Correct
Where Sukarno and Suharto were both presidents Indonesia
91%
Vietnam, Cambodia, Laos, Thailand, Singapore, Myanmar and peninsular Malaysia Indochina
80%
Pakistan, India, and Bangladesh collectively Indian Subcontinent
74%
Term used to refer to the islands mainly in the Caribbean Sea West Indies
74%
This company, that existed between 1600–1874, was once the world's largest corporation East India Company
71%
Fictional character who hates snakes Indiana Jones
69%
Title that Victoria acquired in 1876 Empress of India
66%
Controversial term used to refer to the Navajos, Cherokees, Choctaws, Lumbees, etc. Indian American
66%
Site of one of the motor racing events considered part of the Triple Crown of Motorsport Indianapolis
63%
Type of land governed by those people, which are recognised by the U.S. government Indian Reservation
63%
Hinduism, Buddhism, Jainism and Sikhism collectively Indian Religions
57%
Language family that the Romance, Iranian, Slavic, Germanic languages belong to Indo-European
57%
"₹‎" is the symbol for this Indian Rupee
49%
When someone is way behind schedule they are running on ... Indian Time
49%
Former MLB team name that today are called the Guardians Cleveland Indians
37%
The English-language etymology of the above Indian Islands
34%
Was site of a Bronze Age civilisation Indus River
31%
Political party to which Jawaharlal Nehru and Indira Gandhi belonged Indian National Congress
29%
Major 1857 uprising in India against the British rule Indian Rebellion
26%
Its predecessor was called "Tethys" Indian Ocean
17%
No matching quizzes found
Score Distribution
Percent of People with Each Score
Percentile by Number Answered
Your Score History
You have not taken this quiz